000
00309nam a22001337a 4500
008
181226b xxu||||| |||| 00| 0 eng d
020
_a
9781934356166
041
_a
eng
080
_2
3 TH
_a
004
100
_a
37
101
_a
004
245
_a
Agile Web Development With Rails
_c
Ruby.S
942
_2
udc
_c
BK
999
_c
53766
_d
53766